01065nam a2200217 a 450000100100000000500170001000800410002704000250006810000420009324501580013526001130029330000170040649000550042350000290047870000360050783000620054304900090060595201080061495201080072299900170083000003327820200930070139.0110823s1943 dr 000 0 spa d aDO-SdBNPbspacBNPHU1 aOts Capdequí, José María95888710aManual de historia del derecho Español en las Indias y del Derecho propiamente indiano /cJosé María Ots Capdequí, ; Prólogo de Ricardo Levene. aBuenos Aires :bFacultad de Derecho y Ciencias SocialesbInstituto de Historia del Derecho Argentino,c1943. av. ;c23 cm.1 aEstudios para la Historia del Derecho Argentinov3 aLa biblioteca posee v. 11 aLevene, Ricardovpról.958888 0aEstudios para la Historia del Derecho Argentinoe3958889 aBNPD 001050718RVaPDbPDcCTd2011-08-23iLF1l0ov. 2p33278-10r2020-06-25w2020-06-25y1ZNo se presta 001050718RVaPDbPDcCTd2011-08-23iLF1l0ov. 1p33278-20r2020-06-25w2020-06-25y1ZNo se presta c32769d32769